Memorial anual 1972 del Instituto de Bioquímica Clínica 'Fundación Juan March' de la Diputacion Provincial de Barcelona
Publicado:
[s.l., s.n., s.a.] :
Descripción Física:
95 f. mecanografiats ; 29 cm
Materias:
Institut de Bioquímica Clínica
MARC
| LEADER | 00000nam a2200000Ia 4500 | ||
|---|---|---|---|
| 001 | 969 | ||
| 003 | BGR | ||
| 005 | 20260324175338.0 | ||
| 008 | 160829s9999 xx 000 0 cat d | ||
| 080 | |a C-2-4 | ||
| 110 | 2 | |a Fundación Juan March |9 70914 |b Institut de Bioquímica Clínica | |
| 245 | |a Memorial anual 1972 del Instituto de Bioquímica Clínica 'Fundación Juan March' de la Diputacion Provincial de Barcelona | ||
| 260 | |a [s.l., s.n., s.a.] | ||
| 300 | |a 95 f. mecanografiats ; |c 29 cm | ||
| 610 | 2 | 0 | |a Institut de Bioquímica Clínica |9 56425 |
| 710 | 2 | |a Fundación Juan March |9 70914 | |
| 901 | |a Arxiu | ||
| 942 | |n 1 |2 udc |c MON | ||
| 952 | |0 0 |1 0 |4 0 |6 C24 |7 1 |9 44693 |a Arxiu |b Arxiu |d 2016-12-01 |l 0 |o C-2-4 |p 969 |r 2016-12-01 00:00:00 |w 2016-12-01 |y ARXIU | ||
| 999 | |c 47274 |d 47274 | ||